000 00945nas a2200313 4500
001 BR0806757
003 BR-BrBNA
005 20231205112148.0
007 ta
008 230509b bl.|||p| |||| 00| 00por d
040 _aBR-BrBNA
_bpor
_cBiblioteca Nacional de Agricultura
041 _a(Pt)
072 _aF04; F01
100 1 _aSangoi, L.
100 1 _aAlmeida, M.L. de
100 1 _aPucci, A.L.R.
100 1 _aStrieder, M.
100 1 _aZanin, C.G.
100 1 _aSilva, L.C. da
100 1 _aVieira, R.J.
245 1 _aA aplicação precoce de nitrogênio em cobertura não aumenta o rendimento de grãos do trigo cultivado na presença do alumínio
650 _aTRIGO
650 _aPRODUTIVIDADE
650 _aSOLO ÁCIDO
650 _aADUBAÇÃO
773 0 _tCiência Rural (Brazil)
_xISSN 0103-8478
_g(Jul 2008), v. 38(4) p. 912-920
_wBR0806757
909 _a202311
_bLúcia
_c55
_dLúcia Elande
942 _2AGRIS
_n0
_cANA
999 _c196439
_d196439